000 00478nam a22001817a 4500
001 TVUNI
005 20260126014645.0
008 221102s2012 vm vie d
020 _c20000
040 _aTVUNI
_eAACR2
041 0 _avie
100 1 _aĐinh, Thị Mai
245 1 0 _aBài tập kế toán tài chính doanh nghiệp /
_cĐinh Thị Mai
260 _aHà Nội :
_bDân trí,
_c2012
300 _a147 tr. ;
_c24 cm.
942 _2ddc
_cBK
999 _c2449
_d2449
912 _a1
_bHiển Phạm